000 nam a22 a 4500
999 _c171287
_d171287
003 BLK
005 20220505120608.0
008 180411b bul|||||r ||||||| ||bul||
010 _aKNG00179547000
040 _aBLK
041 _aBUL
_cBUL
080 _aБългарска литература
_b821.163.2
_x-93-32
_z821.163.2-93-32
100 1 _aПанов, Красимир
_eпърви автор
_9327463
139 _aПанов, Красимир
_bП 18
245 1 0 _aЗаветът на Сандилх
_bИстор. разкази за юноши
_cКрасимир Панов ; худож. Георги Шуменов.
257 _aBGR
260 _aСофия
_bНар. просв.
_c1982
300 _a112 с.
_bс ил.
_c20 см
380 _aDX
700 1 _aШуменов, Георги
_eхудож.
_9144322
852 _aЦб 117447
_bМА
942 _cKNG
_n0
_s1
944 _aCR
_c11.08.2015
_kВалентина_Караджова
944 _aED
_c2022-05-05
_kГГГ